| 000 | 00414nam a2200169Ia 4500 | ||
|---|---|---|---|
| 005 | 20250923144727.0 | ||
| 008 | 008 250917s9999 xx 000 0 eng d | ||
| 037 | _aTextual | ||
| 040 |
_aDSWL _beng _cDSWL |
||
| 041 |
_aeng _2eng |
||
| 084 | _qDSWL | ||
| 245 | 0 | _aIndia in 1933-34 | |
| 260 |
_aDelhi _bManager of Publications _c1935 |
||
| 300 | _axvi,196p. | ||
| 942 | _cTEXL | ||
| 999 |
_c1442572 _d1442572 |
||